Observatori de politiques educatives locals : informe 2014 informe 2014
ISBN:
9788498037227
Descripción Física:
221 pàgines : il·lustracions ; 30 cm
Colección:
Documents de Treball. Educació
; 11
Idioma:
Catalán
MARC
| LEADER | 00000nam a2200000 a 4500 | ||
|---|---|---|---|
| 001 | 26177 | ||
| 008 | 220706b spa||||| |||| 00| 0 cat d | ||
| 017 | |a DL B 15181-2015 | ||
| 020 | |a 9788498037227 | ||
| 080 | |a Bib-786 | ||
| 245 | 0 | 0 | |a Observatori de politiques educatives locals : |b informe 2014 |
| 250 | |a Primera edició | ||
| 260 | |a Barcelona : |b Diputació de Barcelona. Gerència de Serveis d'Educació, |c juny de 2015 | ||
| 300 | |a 221 pàgines : |b il·lustracions ; |c 30 cm | ||
| 490 | |a Documents de Treball. Educació ; |v 11 | ||
| 504 | |a Referències bibliogràfiques | ||
| 651 | 1 | 0 | |a Barcelona (Catalunya : Província) |x Política educativa |9 53806 |
| 710 | |9 52167 |a Barcelona (Catalunya : Província). |b Gerència de Serveis d'Educació | ||
| 901 | |a Arxiu | ||
| 942 | |c ARXIU |2 udc |n 1 | ||
| 952 | |0 0 |1 0 |4 0 |6 BIB786 |7 1 |9 62688 |a Arxiu |b Arxiu |d 2022-07-06 |l 0 |o Bib-786 |p 26177 |r 2022-07-06 00:00:00 |w 2022-07-06 |y ARXIU | ||
| 952 | |0 0 |1 0 |2 udc |4 0 |6 37__OPEL_DIP |7 0 |8 EDU |9 92587 |a BGR |b BGR |c RELLOTGE |d 2015-08-05 |l 0 |o 37 - OPEL Dip |p BGR-MBGR-M34685 |r 2015-08-05 00:00:00 |w 2015-08-05 |y REF |0 0 | ||
| 999 | |c 82220 |d 82220 | ||